01002nam a2200229 a 450000100100000000500170001000800410002702000150006804000250008308200210010810000310012924000400016024500910020025000110029126000290030230000250033170000300035695201190038695201250050595201250063099900170075500003691320200930080021.0120206s2011 dr 000 0 spa d a9780980037 aDO-SdBNPbspacBNPHU axxxxbM628, 20111 aMiddleton, David L.96330410aVictory over the forces of darkness10aVictoria sobre las fuerzas de las tinieblas. /cDavid L. Middleton, Roger A. Hatfield. a3a ed. a[s. l. :bs. n.],c2011. a62 p. :bils., retr.1 aHatfield, Roger A.963305 0010718PDaPDbPDcCTd2012-02-06iLF1l0oxxxx M628, 2011p36913-10r2020-06-25w2020-06-25yLFPDZNo se presta 0010718PDaPDbPDcCTd2012-02-06iLF1l0oxxxx M628, 2011p36913-20r2020-06-25te. 2w2020-06-25yLFPDZNo se presta 0010718DSaPDbPDcCTd2012-02-06iLF1l0oxxxx M628, 2011p36913-30r2020-06-25te. 3w2020-06-25yLFDSZNo se presta c36403d36403